Danemark au Concours Eurovision de la Chanson - Statistiques

Statistiques générales
  • Ce quiz a été pris 18 fois
  • Le résultat moyen est 10 sur 15
Statistiques - réponses
Questions Réponses % Correct
Depuis quelle année le Danemark participe-t-il au concours ? 1957
100%
Combien de fois a-t-il gagné l'Eurovision ? 3
100%
Combien de fois le Danemark a-t-il terminé à la dernière place ? 1
93%
Pour la dernière fois en quelle année ? 2013
93%
Avec quelle chanson et/ou interprète ? Only teardrops / Emmelie de Forest
93%
A quel pays le Danemark a-t-elle donné le plus de points en finale depuis 1975 ? Suède
87%
Combien de fois s'est-il retiré du concours ? 14
80%
En quelle année le premier duo a participé à l'Eurovision ? 1957
67%
Ils ont également partagé le baiser le plus long du concours. Combien de secondes durait-il ? 11
60%
En quelle année le Danemark a-t-il envoyé sa dernière chanson intégralement en danois ? 2021
53%
Et reçu ? Norvège
53%
Qui a représenté le Danemark à l'Eurovision 2024 ? Saba
47%
En quelle année la première candidate au concours se fait-elle accompagner par des danseurs ? 1966
27%
Qui a été le premier vainqueur danois de l'Eurovision en 1963 ? Grethe & Jørgen Ingmann
13%
Depuis 2010, quel interprète a obtenu la plus haute place (hors victoire) ? Chanée & N'evergreen
7%
Aucun quiz correspondant
Distribution des résultats
% des personnes avec chaque résultat
Percentile par nombre de réponses
Votre historique - résultats
Vous n’avez pas pris ce quiz